LIBRARY & INFORMATION CENTRE, KCAET, TAVANUR

ONLINE PUBLIC ACCESS CATALOGUE (OPAC)

Development and testing of a tender coconut punch and splitter (Record no. 15019)

MARC details
000 -LEADER
fixed length control field 00652nam a22001817a 4500
003 - CONTROL NUMBER IDENTIFIER
control field OSt
088 ## - REPORT NUMBER
Report number P 65
100 ## - MAIN ENTRY--AUTHOR NAME
Personal name ANITHA JOHN
-- SHAMSUDEEN K. P
245 ## - TITLE STATEMENT
Title Development and testing of a tender coconut punch and splitter
260 ## - PUBLICATION, DISTRIBUTION, ETC. (IMPRINT)
Place of publication Tavanur 1997
Name of publisher Department of Farm Power Machinery and Energy
300 ## - PHYSICAL DESCRIPTION
Number of Pages 32
500 ## - GENERAL NOTE
General note Development and testing of a tender coconut punch and splitter
520 ## - SUMMARY, ETC.
Summary, etc Development and testing of a tender coconut punch and splitter
700 ## - ADDED ENTRY--PERSONAL NAME
Personal name Er. Jippu Jacob (Guide)
856 ## - ELECTRONIC LOCATION AND ACCESS
Uniform Resource Identifier https://drive.google.com/open?id=1zv_2dUu3igmNDEXz10gdQbWWXl-V6lH5
942 ## - ADDED ENTRY ELEMENTS (KOHA)
Koha item type Project Report
Holdings
Collection code Home library Current library Shelving location Full call number Accession Number Koha item type
Reference KAUAET KAUAET Reference 631.3 ANI/DE P 65 Project Report
free website counter